000 00548nam a2200217 a 4500
001 BRCA_5601
005 20190320205140.0
008 210211s1927----gw-a######---#000-0#ger-#
041 _ager
044 _agw
050 4 _aND813
_b.W45 1927
100 1 _aWeise, Georg
_914278
245 1 0 _aSpanische Plastik.
260 _aAlemania
_bGryphius
_c1927
300 _a320 p.
_bil., 320 láminas
_c27 cm.
500 _aF78
650 1 4 _aArtistas españoles
_914279
650 1 4 _aGalerías y museos
_zAlemania
_95059
902 _aGFM
942 _2lcc
_cB
999 _c5295
_d5295